Central Library OPAC University of Rajshahi

Selected terms on environmental management in Bangladesh / (Record no. 37297)

MARC details
000 -LEADER
fixed length control field 00708nam a22002297a 4500
001 - CONTROL NUMBER
control field 37297
003 - CONTROL NUMBER IDENTIFIER
rucl marc code BD-RjUL
005 - DATE AND TIME OF LATEST TRANSACTION
control field 20211209052609.0
008 - FIXED-LENGTH DATA ELEMENTS--GENERAL INFORMATION
fixed length control field 141123s1994 ii ||||| |||| 00| 0 eng d
035 ## - SYSTEM CONTROL NUMBER
System control number (BD-RjUL)37400
040 ## - CATALOGING SOURCE
Original cataloging agency BD-RjUL
Language of cataloging eng
Transcribing agency BD-RjUL
041 ## - LANGUAGE CODE
Language code of text/sound track or separate title eng
082 ## - DEWEY DECIMAL CLASSIFICATION NUMBER
Classification number 658.408
Author mark and year KAS 1994
100 ## - MAIN ENTRY--PERSONAL NAME
Personal name Kamal, Golam Monowar
9 (RLIN) 114300
245 ## - TITLE STATEMENT
Title Selected terms on environmental management in Bangladesh /
Statement of responsibility, etc. Golam Monowar Kamal, Mamunul Hoque Khan.
260 ## - PUBLICATION, DISTRIBUTION, ETC. (IMPRINT)
Place of publication, distribution, etc. Dhaka :
Name of publisher, distributor, etc. [s.n.],
Date of publication, distribution, etc. 1994.
300 ## - PHYSICAL DESCRIPTION
Pagination 98 p. ;
Size 24 cm.
504 ## - BIBLIOGRAPHY, ETC. NOTE
Bibliography, etc Includes bibliographical references
650 ## - SUBJECT ADDED ENTRY--TOPICAL TERM
Topical term or geographic name as entry element Environmental management.
9 (RLIN) 114042
700 ## - ADDED ENTRY--PERSONAL NAME
Personal name Khan, Mamunul Hoque
942 ## - ADDED ENTRY ELEMENTS (KOHA)
Source of classification or shelving scheme Dewey Decimal Classification
Koha item type Books
Holdings
Lost status Source of classification or shelving scheme Damaged status Not for loan Permanent Location Current Location Shelving location Date acquired Total Checkouts Full call number Date last seen Copy number Koha item type
  Dewey Decimal Classification   Not For Loan Institute of Biological Sciences (IBSc) Library Institute of Biological Sciences (IBSc) Library   23/11/2014   658.408 KAS 1994 23/11/2014 C-1 Books